Mechanics of solids (Record no. 181102)

000 -LEADER
fixed length control field 00350nam a2200133Ia 4500
008 - FIXED-LENGTH DATA ELEMENTS--GENERAL INFORMATION
fixed length control field 220217s9999||||xx |||||||||||||| ||und||
020 ## - INTERNATIONAL STANDARD BOOK NUMBER
International Standard Book Number 0-632-020-18-0
082 ## - DEWEY DECIMAL CLASSIFICATION NUMBER
Classification number 620.105 FEN
100 ## - MAIN ENTRY--PERSONAL NAME
Personal name Fenner, Roger, T
9 (RLIN) 7501
245 #0 - TITLE STATEMENT
Title Mechanics of solids
260 ## - PUBLICATION, DISTRIBUTION, ETC.
Place of publication, distribution, etc. CRC press
Name of publisher, distributor, etc. Florida
Date of publication, distribution, etc. 1999
300 ## - PHYSICAL DESCRIPTION
Extent XVII,625
Other physical details 4314
650 ## - SUBJECT ADDED ENTRY--TOPICAL TERM
Topical term or geographic name entry element MECHANICS
Holdings
Withdrawn status Lost status Damaged status Not for loan Collection code Home library Current library Shelving location Date acquired Full call number Barcode Date last seen Price effective from Koha item type
        Mechanical Engineering Central Library Central Library Reference 02/18/2022 620.105 FEN 16291 02/18/2022 02/18/2022 Books

Powered by Koha